Az égeszértékü intervallumprogramozasi feladatról

Uložené v:
Podrobná bibliografia
Hlavný autor: Danyi, Pál
Médium: Kniha
Jazyk:Hungarian
Vydavateľské údaje: Pécs Tudományegyetem 1978
Tagy: Pridať tag
Žiadne tagy, Buďte prvý, kto otaguje tento záznam!

MARC

LEADER 00000nam a2200000 4500
001 0229464
005 20240822101705.5
041 0 |a hun 
044 |a HU 
245 1 0 |a Az égeszértékü intervallumprogramozasi feladatról  |c Pál Danyi 
264 1 |a Pécs  |b Tudományegyetem  |c 1978 
300 |a 13 s. 
100 1 |a Danyi, Pál